Words on a U.S. Dollar Bill Quiz Stats

 Plays Quiz Updated Oct 18, 2016

Also try: Words on US Coins
Challenge
Share
Tweet
Embed
Score 0/45 Timer 05:00
0 Plays Today
% Correct
IN
89.4%
GOD
89.4%
WE
89.1%
UNITED
88.3%
STATES
87.9%
TRUST
87.2%
OF
86.7%
AMERICA
83.9%
ONE
80.6%
DOLLAR
77.6%
E
73.5%
THE
70.6%
UNUM
63.9%
WASHINGTON
62.3%
PLURIBUS
60.3%
TREASURY
58.5%
TENDER
50.8%
LEGAL
50.1%
FOR
44.6%
1
44.1%
SECRETARY
44%
NOTE
43.6%
AND
43.5%
% Correct
FEDERAL
42%
IS
40.3%
ALL
39.7%
THIS
39%
RESERVE
38.1%
DEBTS
34%
PRIVATE
32.8%
PUBLIC
32.8%
D.C.
32.6%
BANK
29%
TREASURER
28.9%
DEPARTMENT
26.8%
SEAL
22.2%
SERIES
21.8%
GREAT
21.2%
ANNUIT
18.5%
ORDO
16.7%
NOVUS
16.6%
SECLORUM
15.7%
COEPTIS
15.7%
MDCCLXXVI
10.9%
1789
5.8%

You're not logged in!

Compare scores with friends on all Sporcle quizzes.
OR
Log In

You Might Also Like...

Show Comments

Extras

Top Quizzes Today


Score Distribution

Your Account Isn't Verified!

In order to create a playlist on Sporcle, you need to verify the email address you used during registration. Go to your Sporcle Settings to finish the process.

Report this User

Report this user for behavior that violates our Community Guidelines.

Details: